| 000 | 00600ntaaa2200205 4500 | ||
|---|---|---|---|
| 003 | 01 | ||
| 005 | 20251027203205.0 | ||
| 008 | 0714s1973 ag 01 | ||
| 020 | _a9879743806 | ||
| 040 |
_aAR-BaBN _bspa _cAR-BaBN _eaacr _dRIC |
||
| 082 | _a306.6 G28h | ||
| 100 |
_aGentile Lafaille, Margarita _933585 |
||
| 245 | _aHuacca Muchay-Religión indÃgena | ||
| 250 | _a1 ed. | ||
| 260 |
_aBuenos Aires : _bInstituto Nacional Superior del Profesorado de Folklore, _c1999 |
||
| 300 |
_a436 p ; _c22 cm. |
||
| 650 |
_aABORIGENES-ARGENTINA _933586 |
||
| 650 |
_aRELIGION-AMERICA DEL SUR _933587 |
||
| 942 | _cBK | ||
| 999 |
_c27376 _d27376 |
||